| Registos Bibliográficos associados ao registo de autoridade |
|
Etiqueta de registo: 00254nkm 2200109 450 001 1858166 003 http://id.bnportugal.gov.pt/bib/catbnp/1858166 100 ## $a20131209d1985 am y0pory0103 ba 101 0# $apor 102 ## $aPT 200 1# $a 4º Curso de cinema não-profissional$bVisual gráfico]$forg. Núcleo de Cinema da Amadora - Centro Cultural Roque Gameiro 210 #9 $aAmadora$cCentro Cultural Roque Gameiro,$d1985 215 ## $a1 cartaz$cp&b$d42x29,5 cm 675 ## $a791(084.5)$vBN$zpor$3983529 675 ## $a766(=1:469)"198"(084.5)$vBN$zpor$31302430 710 02 $aCentro Cultural Roque Gameiro$3324976 801 #0 $aPT$bBN$gRPC 966 ## $lBN$mICONOG$pFrancisco Madeira Luís$sCT. 7131 V.$x3 997 ## $aBIBEOD
Etiqueta de registo: 00254nkm 2200109 450 001 1855610 003 http://id.bnportugal.gov.pt/bib/catbnp/1855610 100 ## $a20131112f19781979am y0pory0103 ba 101 0# $apor 102 ## $aPT 200 1# $aSemana Cinema Português, na CMA $bVisual gráfico]$forg. Centro Cultural Roque Gameiro 210 #9 $a[Amadora]$cCentro Cultural Roque Gameiro,$d[ca 1979?] 215 ## $a1 cartaz$ccolor.$d29,5x21 cm 306 ## $aData provável, aproximada, de acordo com características formais 317 ## $aColeção Madeira Luís$5PTBN: CT. 4421 P. 675 ## $a791(=1:469)(469.411)"197"(084.5)$vBN$zpor$31553734 675 ## $a766(=1:469)"197"(084.5)$vBN$zpor$31270858 710 02 $aCentro Cultural Roque Gameiro$3324976 801 #0 $aPT$bBN$gRPC 966 ## $lBN$mICONOG$pFrancisco Madeira Luís$sCT. 4421 P.$x3 997 ## $aBIBEOD
Etiqueta de registo: 00254nkm 2200109 450 001 1854751 003 http://id.bnportugal.gov.pt/bib/catbnp/1854751 100 ## $a20131031f19801986am y0pora0103 ba 101 0# $apor 102 ## $aPT 200 1# $aCiclo de cinema de «Charlot»$bVisual gráfico]$forg. do Centro Cultural Roque Gameiro - Núcleo de Cinema 210 #9 $a[Amadora]$cCentro Cultural Roque Gameiro,$d[ca 1983?] 215 ## $a1 cartaz$cp&b$d35x27 cm 306 ## $aData provável, aproximada, de acordo com características formais 317 ## $aColeção Madeira Luís$5PTBN: CT. 7094 V. 330 ## $aDesenho do rosto de Charlot 675 ## $a791(469.411)"198"(084.5)$vBN$zpor$31545113 675 ## $a766(=1:469)"198"(084.5)$vBN$zpor$31302430 710 02 $aCentro Cultural Roque Gameiro$4557$3324976 801 #0 $aPT$bBN$gRPC 966 ## $lBN$mICONOG$pFrancisco Madeira Luís$sCT. 7094 V.$x3 997 ## $aBIBEOD
Etiqueta de registo: 00254nkm 2200109 450 001 1854714 003 http://id.bnportugal.gov.pt/bib/catbnp/1854714 100 ## $a20131031d1981 am y0pory0103 ba 101 0# $apor 102 ## $aPT 200 1# $a 1º Curso de cinema não-profissional$bVisual gráfico]$esessão de encerramento$fCentro Cultural Roque Gameiro - Núcleo de Cinema, Câmara Municipal da Amadora 210 #9 $aAmadora$cCentro Cultural Roque Gameiro,$d[1981] 215 ## $a1 cartaz$ccolor.$d35x26,5 cm 306 ## $aData por confronto da data expressa no cartaz e o calendário 675 ## $a791(084.5)$vBN$zpor$3983529 675 ## $a766(=1:469)"198"(084.5)$vBN$zpor$31302430 710 02 $aCentro Cultural Roque Gameiro$3324976 711 01 $aAmadora.$bCâmara Municipal$4070$3724 801 #0 $aPT$bBN$gRPC 966 ## $lBN$mICONOG$pFrancisco Madeira Luís$sCT. 7092 V.$x3
Etiqueta de registo: 00230nam 2200025 450 001 1784645 003 http://id.bnportugal.gov.pt/bib/catbnp/1784645 100 ## $a20110713d2010 m d0pory0103 ba 101 0# $apor 102 ## $aPT 105 ## $aa b 000yy 106 ## $ar 200 1# $aExposição colectiva dos ateliês$forg. Divisão da Cultura, Desporto e Juventude [da] Câmara Municipal da Amadora, Casa
Roque Gameiro, Centro Cultural Roque Gameiro$gcoord. Ângela Rodrigues$gfot. Paulo Moreira 210 #9 $aAmadora$cC.M.,$d2010 215 ## $a11 p.$cmuito il.$d18 x 22 cm 675 ## $a73A/Z(=1:469)"20"(083.82)$vBN$zpor$31220411 675 ## $a75A/Z(083.82)$vBN$zpor$3337501 675 ## $a061.4$vBN$zpor$3288771 702 #1 $92$aRodrigues,$bÂngela$4340$31421994 702 #1 $aMoreira,$bPaulo,$f1968-$4600$31418137 712 02 $aAmadora.$bCâmara Municipal.$bDivisão da Cultura Desporto e Juventude$4340$31397215 712 01 $aAmadora.$bCâmara Municipal.$bCasa Roque Gameiro$4340$3800470 712 02 $aCentro Cultural Roque Gameiro$4340$3324976 801 #0 $aPT$bBN$gRPC 900 ## $aBIBNAC$d20120229 966 ## $lBN$mFGMON$sB.A. 33808 V.$x1 966 ## $lBN$mFGMON$sB.A. 33808 V.-D$x1
Etiqueta de registo: 00230nam 2200025 450 001 1765139 003 http://id.bnportugal.gov.pt/bib/catbnp/1765139 100 ## $a20101210d2009 m d0pory0103 ba 101 0# $apor 102 ## $aPT 105 ## $aa b 000yy 106 ## $ar 200 1# $aExposição colectiva dos ateliês$forg. Divisão da Cultura, Desporto e Juventude [da] Câmara Municipal da Amadora, Casa
Roque Gameiro, Centro Cultural Roque Gameiro$gcoord. Ângela Rodrigues$gfot. Paulo Moreira 210 #9 $aAmadora$cC.M.,$d2009 215 ## $a14 p.$cmuito il.$d18 x 22 cm 675 ## $a73A/Z(=1:469)"20"(083.82)$vBN$zpor$31220411 675 ## $a061.4$vBN$zpor$3288771 702 #1 $92$aRodrigues,$bÂngela$4340$31421994 702 #1 $aMoreira,$bPaulo,$f1968-$4600$31418137 712 02 $aAmadora.$bCâmara Municipal.$bDivisão da Cultura Desporto e Juventude$4340$31397215 712 01 $aAmadora.$bCâmara Municipal.$bCasa Roque Gameiro$4340$3800470 712 02 $aCentro Cultural Roque Gameiro$4340$3324976 801 #0 $aPT$bBN$gRPC 900 ## $aBIBNAC$d20110711 966 ## $lBN$mFGMON$sB.A. 8629 P.$x1 966 ## $lBN$mFGMON$sB.A. 8629 P.-D $x1
Etiqueta de registo: 00694ckm 02200217 04500 001 105457 003 http://id.bnportugal.gov.pt/bib/catbnp/105457 005 19981120072200.0 095 ## $aPTBN00109601 100 ## $a19870701d1987 am y0pora0103 ba 101 0# $apor 102 ## $aPT 200 1# $aFesta da árvore$bVisual gráfico]$fCentro Cultural Roque Gameiro$gdesigner Armando 210 #9 $aAmadora$cC.C.,$d1987 215 ## $a1 cartaz$ccolor.$d35x25 cm 317 ## $aColeção Madeira Luís$5PTBN: CT. 6049 P. 330 ## $aBusto estilizado de criança com maçãs no local das pupilas e folhagem a substituir
o cabelo 675 ## $a502.7(469)(084.5)$vBN$zpor$3310207 675 ## $a766(=1:469)"198"(084.5)$vBN$zpor$31302430 702 #0 $aArmando$4410$37071 710 02 $aCentro Cultural Roque Gameiro$3324976 801 #0 $aPT$bBN$gRPC 966 ## $lBN$mICONOG$sCT. 3447 V. 966 ## $lBN$mICONOG$sCT. 6049 P.$x3 998 ## $aBN020 - 00294
Etiqueta de registo: 00254nkm 2200109 450 001 1927892 003 http://id.bnportugal.gov.pt/bib/catbnp/1927892 100 ## $a20160411d1988 am y0pory0103 ba 101 0# $apor 102 ## $aPT 200 1# $aNoite alentejana$bVisual gráfico]$epalestra e colóquio alusivos ao Alentejo...$fCentro Cultural Roque Gameiro$g[design] Falcão 210 #9 $aAmadora$cCentro Cultural Roque Gameiro,$d1988 215 ## $a1 cartaz$cpreto, impr. em papel amarelo$d30x21 cm 675 ## $a39(=1:469.5)(084.5)$vBN$zpor$31642130 675 ## $a061.3(469.411)"1988"(084.5)$vBN$zpor$3324877 675 ## $a766(=1:469)"198"(084.5)$vBN$zpor$31302430 702 #1 $aFalcão,$bAlexandre$4410$399247 710 02 $aCentro Cultural Roque Gameiro$3324976 801 #0 $aPT$bBN$gRPC 966 ## $lBN$mICONOG$pFrancisco Madeira Luís
$sCT. 4488 P.$x3 997 ## $aBIBEOD
Etiqueta de registo: 00000nkm 2200025 450 001 2255445 003 http://id.bnportugal.gov.pt/bib/catbnp/2255445 100 ## $a20260127d1989 m y0pory01030103ba 101 0# $apor 102 ## $aPT 200 1# $aFeirarte, feira livre de arte, antiguidades, coleccionismo, artesanato regional e
urbano, [no] Parque Delfim Guimarães, Amadora, de 21 de setembro a 8 de outubro de
1989$bVisual gráfico]$fCentro Cultural Roque Gameiro 210 #9 $aAmadora$cCentro Cultural Roque Gameiro,$d1989 215 ## $a1 cartaz$ccolor.$d34,5x24,5 cm 317 ## $aColeção Madeira Luís 675 ## $a766(=1:469)"1989"(084.5)$vBN$zpor$31802165 710 02 $aCentro Cultural Roque Gameiro$3324976 801 #0 $aPT$bBN$gRPC 966 ## $lBN$mICONOG$sCT. 5746 P.$x3 971 ## $cCatmusica8$d20260127 995 ## $aPRR2026 $d20260127$iCatmusica8
Etiqueta de registo: 00000nkm 2200025 450 001 2255378 003 http://id.bnportugal.gov.pt/bib/catbnp/2255378 100 ## $a20260127f19781979m y0pory01030103ba 101 0# $apor 102 ## $aPT 200 1# $aMostra de Modelismo, Cine Plaza, 21 outubro a 2 novembro$bVisual gráfico]$fCâmara Municipal da Amadora e Centro Cultural Roque Gameiro 210 #9 $aAmadora$cCâmara Municipal da Amadora,$d[1978-1979] 215 ## $a1 cartaz$ccolor.$d35x25m 306 ## $aDatação atribuída em conformidade com as designações institucionais 317 ## $aColeção Madeira Luís 675 ## $a766(=1:469)"197(084.5)$vBN$zpor$31642070 710 01 $aAmadora.$bCâmara Municipal$3724 711 02 $aCentro Cultural Roque Gameiro$3324976 801 #0 $aPT$bBN$gRPC 966 ## $lBN$mICONOG$sCT. 5807 P.$x3 971 ## $cCaticonografia7$d20260127 972 ## $d20260212$e2$vmferro$z0 995 ## $aPRR2026 $d20260127$iCaticonografia7
Etiqueta de registo: 00000nkm 2200025 450 001 2259318 003 http://id.bnportugal.gov.pt/bib/catbnp/2259318 100 ## $a20260202f1980 m y0pory01030103ba 101 0# $apor 102 ## $aPT 200 1# $a 40º encontro nacional de cinema não - profissional, centro cultural Roque Gameiro,
de 4 a 8 de dezembro na Amadora$bVisual gráfico]$fCentro Cultural Roque Gameiro 210 #9 $a[Amadora]$cCentro Cultural Roque Gameiro,$d[posterior a 1980] 215 ## $a1 cartaz$ccolor.$d49,5x34,6 cm 306 ## $aDatação em conformidade com as características formais do documento 317 ## $aColeção Madeira Luís 675 ## $a766(=1:469)"198"(084.5)$vBN$zpor$31620221 710 02 $aCentro Cultural Roque Gameiro$3324976 801 #0 $aPT$bBN$gRPC 966 ## $lBN$mICONOG$sCT. 13092 V.$x3 971 ## $cCaticonografia10$d20260202 995 ## $aPRR2026 $d20260202$iCaticonografia10
Etiqueta de registo: 00000nkm 2200025 450 001 2263066 003 http://id.bnportugal.gov.pt/bib/catbnp/2263066 100 ## $a20260209f1976 m y0pory01030103ba 101 0# $apor 102 ## $aPT 200 1# $aCentro Cultural Roque Gameiro, secções de animação cultural, banda desenhada, cinema,
defesa do património e arqueologia, fotografia [e] teatro, participa, inscreve-te,
R. 1.º dezembro, 54 Amadora$bVisual gráfico] 210 #9 $aAmadora$cCentro Cultural Roque Gameiro,$d[posterior a 1976] 215 ## $a1 cartaz$cp&b.$d34,5x26 cm 306 ## $aDatação atribuída em conformidade com as designações institucionais 316 ## $aCom furos e rasgos do lado esquerdo$5PTBN: CT. 5954 P. 317 ## $aColeção Madeira Luís 675 ## $a766(=1:469)"197"(084.5)$vBN$zpor$31270858 710 02 $aCentro Cultural Roque Gameiro$3324976 801 #0 $aPT$bBN$gRPC 966 ## $lBN$mICONOG$sCT. 5954 P.$x3 971 ## $cCaticonografia6$d20260209 995 ## $aPRR2026 $d20260209$iCaticonografia6
Etiqueta de registo: 00000nkm 2200025 450 001 2264295 003 http://id.bnportugal.gov.pt/bib/catbnp/2264295 100 ## $a20260210d1982 m y0pory01030103ba 101 0# $apor 102 ## $aPT 200 1# $aEsplanadas de verão no Centro Cultural Roque Gameiro (Amadora), a partir de 4 de setembro$bVisual gráfico]$fCentro Cultural Roque Gameiro$gCarlos Marques 210 #9 $a[Amadora]$cCentro Cultural Roque Gameiro,$d1982 215 ## $a1 cartaz$ccolor.$d34,5x25,9 cm 317 ## $aColeção Madeira Luís 675 ## $a766(=1:469)"1982"(084.5)$vBN$zpor$31982191 702 #1 $92$aMarques,$bCarlos$3283449 710 02 $aCentro Cultural Roque Gameiro$3324976 801 #0 $aPT$bBN$gRPC 966 ## $lBN$mICONOG$sCT. 13844 V.$x3 971 ## $cCaticonografia2$d20260210 995 ## $aPRR2026 $d20260210$iCaticonografia2
Etiqueta de registo: 00000nkm 2200025 450 001 2264792 003 http://id.bnportugal.gov.pt/bib/catbnp/2264792 100 ## $a20260211f1995 m y0pory01030103ba 101 0# $apor 102 ## $aPT 200 1# $aAteliers ludo expressivos, Amadora$bVisual gráfico]$fCentro Cultural Roque Gameiro$fFio d'Água Grupo Teatro 210 #9 $aAmadora$cCentro Cultural Roque Gameiro,$cFio d'Água Grupo Teatro,$d[não posterior a 1995] 215 ## $a1 cartaz$ccolor.$d42x29,7 cm 306 ## $aDatação atribuída em conformidade com as características formais do documento 317 ## $aColeção Madeira Luís 675 ## $a766(=1:469)"198"(084.5)$vBN$zpor$31620221 710 02 $aCentro Cultural Roque Gameiro$3324976 711 02 $aFio d'Água Grupo Teatro$31984723 801 #0 $aPT$bBN$gRPC 966 ## $lBN$mICONOG$sCT. 13984 V.$x3 971 ## $cCaticonografia9$d20260211 995 ## $aPRR2026 $d20260211$iCaticonografia9
Etiqueta de registo: 00000nkm 2200025 450 001 2267724 003 http://id.bnportugal.gov.pt/bib/catbnp/2267724 100 ## $a20260216f1974 m y0pory01030103ba 101 0# $apor 102 ## $aPT 200 1# $aExposição na biblioteca municipal da Amadora, de 14 a 19 de maio$bVisual gráfico]$fCâmara Municipal da Amadora$gCentro Cultural Roque Gameiro 210 #9 $aAmadora$cCâmara Municipal da Amadora,$d[posterior a 1974] 215 ## $a1 cartaz$ccolor.$d34,5x25,5 cm 306 ## $aDatação atribuída em conformidade com as características formais do documento 317 ## $aColeção Madeira Luís 675 ## $a766(=1:469)"198"(084.5)$vBN$zpor$31620221 710 01 $aAmadora.$bCâmara Municipal$3724 712 02 $aCentro Cultural Roque Gameiro$4557$3324976 801 #0 $aPT$bBN$gRPC 966 ## $lBN$mICONOG$sCT. 14295 V.$x3 971 ## $cCaticonografia2$d20260216 995 ## $aPRR2026 $d20260216$iCaticonografia2
Etiqueta de registo: 00000nkm 2200025 450 001 2267671 003 http://id.bnportugal.gov.pt/bib/catbnp/2267671 100 ## $a20260216d1986 m y0pory01030103ba 101 0# $apor 102 ## $aPT 200 1# $aFesta da árvore, Amadora 1986, 17 a 25 de maio$bVisual gráfico]$fCentro Cultural Roque Gameiro 210 #9 $aAmadora$cCentro Cultural Roque Gameiro,$d1986 215 ## $a1 cartaz$ccolor.$d33,5x24 cm 317 ## $aColeção Madeira Luís 675 ## $a766(=1:469)"1986"(084.5)$vBN$zpor$31993195 710 02 $aCentro Cultural Roque Gameiro$3324976 801 #0 $aPT$bBN$gRPC 966 ## $lBN$mICONOG$sCT. 6054 P.$x3 971 ## $cCaticonografia6$d20260216 995 ## $aPRR2026 $d20260216$iCaticonografia6
Etiqueta de registo: 00000nkm 2200025 450 001 2268942 003 http://id.bnportugal.gov.pt/bib/catbnp/2268942 100 ## $a20260219f1990? m y0pory01030103ba 101 0# $apor 102 ## $aPT 200 1# $aXI Aniversário da cidade da Amadora $bVisual gráfico]$fCentro de Aeromodelismo da Amadora, Centro Cultural Roque Gameiro 210 #9 $a[S.l.]$cCentro de Aeromodelismo da Amadora,$d[1990?] 215 ## $a1 cartaz$ccolor.$d47,5x35 cm 306 ## $aDatação atribuída em conformidade com o acontecimento anunciado 317 ## $aColeção Madeira Luís 710 02 $aAniversário da cidade da Amadora,$d11,$f[1990?]$31994111 712 02 $aCentro de Aeromodelismo da Amadora,$eAmadora$31986238 712 02 $aCentro Cultural Roque Gameiro$3324976 801 #0 $aPT$bBN$gRPC 966 ## $lBN$mICONOG$sCT. 14616 V.$x3 971 ## $cCaticonografia9$d20260219 995 ## $aPRR2026 $d20260219$iCaticonografia9
Etiqueta de registo: 00000nkm 2200025 450 001 2272617 003 http://id.bnportugal.gov.pt/bib/catbnp/2272617 100 ## $a20260226d1984 m y0pory01030103ba 101 0# $apor 102 ## $aPT 200 1# $aFesta da Árvore, Amadora, maio 1984$bVisual gráfico]$fCentro Cultural Roque Gameiro 210 #9 $aAmadora$cCentro Cultural Roque Gameiro,$d1984 215 ## $a1 cartaz$ccolor.$d60x41,5cm 317 ## $aColeção Madeira Luís 710 02 $aCentro Cultural Roque Gameiro$3324976 801 #0 $aPT$bBN$gRPC 966 ## $lBN$mICONOG$sCT. 22873 A.$x3 971 ## $cCaticonografia7$d20260226 995 ## $aPRR2026
Etiqueta de registo: 00000nkm 2200025 450 001 2273518 003 http://id.bnportugal.gov.pt/bib/catbnp/2273518 100 ## $a20260227f19851995m y0pory01030103ba 101 0# $apor 102 ## $aPT 200 1# $aFesta da Árvore, Centro Cultural Roque Gameiro, Amadora, 29 de maio$bVisual gráfico] 210 #9 $aAmadora$cCentro Cultural Roque Gameiro,$d[entre 1985 e 1995] 215 ## $a1 cartaz$ccolor.$d57x39 cm 306 ## $aDatação em conformidade com as características formais do documento 317 ## $aColeção Madeira Luís 710 02 $aCentro Cultural Roque Gameiro$3324976 801 #0 $aPT$bBN$gRPC 966 ## $lBN$mICONOG$sCT. 22853 A.$x3 971 ## $cCaticonografia3$d20260227 995 ## $aPRR2026
Etiqueta de registo: 00000nkm 2200025 450 001 2273476 003 http://id.bnportugal.gov.pt/bib/catbnp/2273476 100 ## $a20260227f198- m y0pory01030103ba 101 0# $apor 102 ## $aPT 200 1# $a O Centro Cultural Roque Gameiro apresenta: "Ti mestre pinguinhas", ("o teatro das
canções e erva doce") de Fernando Lobo, pelo grupo "Praça Pública" (Núcleo de Teatro
do C.C.R.G)$bVisual gráfico]$fCentro Cultural Roque Gameiro 210 #9 $aAmadora$cCentro Cultural Roque Gameiro,$d[198-?] 215 ## $a1 cartaz$cp&b.$d66x47 cm 317 ## $aColeção Madeira Luís 710 02 $aCentro Cultural Roque Gameiro$3324976 801 #0 $aPT$bBN$gRPC 966 ## $lBN$mICONOG$sCT. 22936 A.$x3 971 ## $cCaticonografia9$d20260227 995 ## $aPRR2026
Etiqueta de registo: 00000nkm 2200025 450 001 2274085 003 http://id.bnportugal.gov.pt/bib/catbnp/2274085 100 ## $a20260302d1985 m y0pory01030103ba 101 0# $apor 102 ## $aPT 200 1# $aEsplanada de Verão, Centro Cultural Roque Gameiro, 20 e 21, setembro 85$bVisual gráfico]$fCentro Cultural Roque Gameiro 210 #9 $aAmadora$cCentro Cultural Roque Gameiro,$d1985 215 ## $a1 cartaz frente e verso$ccolor.$d29,6x21 cm 317 ## $aColeção Madeira Luís 710 02 $aCentro Cultural Roque Gameiro$3324976 801 #0 $aPT$bBN$gRPC 966 ## $lBN$mICONOG$sCT. 6199 P.$x3 971 ## $cCaticonografia6$d20260302 972 ## $d20260427 $e0$vmferro$z0 995 ## $aPRR2026
Etiqueta de registo: 00000nkm 2200025 450 001 2275501 003 http://id.bnportugal.gov.pt/bib/catbnp/2275501 100 ## $a20260304d1985 m y0pory01030103ba 101 0# $apor 102 ## $aPT 200 1# $aFesta da Arvore, Amadora, dia 26, maio 1985, $bVisual gráfico]$fCentro Cultural Roque Gameiro$gcolab. C.M. Amadora, J.F. Venteira 210 #9 $aAmadora$cCentro Cultural Roque Gameiro,$d1985 215 ## $a1 cartaz$ccolor.$d34,5x25,5cm 317 ## $aColeção Madeira Luís 675 ## $a766(=1:469)"198"(084.5)$vBN$zpor$31302430 710 02 $aCentro Cultural Roque Gameiro$3324976 712 01 $aAmadora.$bCâmara Municipal$4205$3724 712 02 $a Venteira.$bJunta de Freguesia$4205$31988799 801 #0 $aPT$bBN$gRPC 966 ## $lBN$mICONOG$sCT. 14375 V.$x3 971 ## $cCaticonografia5$d20260304 972 ## $d20260304 $e1$vmferro $z0 995 ## $aPRR2026
Etiqueta de registo: 00000nkm 2200025 450 001 2280614 003 http://id.bnportugal.gov.pt/bib/catbnp/2280614 100 ## $a20260316d1985 m y0pory01030103ba 101 0# $apor 102 ## $aPT 200 1# $aFeirarte Amadora 85, Feira Livre de Arte, Antiguidades, Coleccionismo e Artesanato
Regional e Urbano, de abril a setembro, último domingo de cada mês, no Parque Delfim
Guimarães$bVisual gráfico]$fCentro Cultural Roque Gameiro 210 #9 $aAmadora$cCentro Cultural Roque Gameiro,$d1985 215 ## $a1 cartaz$cp&b.$d34,5x25,5 cm 317 ## $aColeção Madeira Luís 710 02 $aCentro Cultural Roque Gameiro$3324976 801 #0 $aPT$bBN$gRPC 966 ## $lBN$mICONOG$sCT. 6464 P. $x3 971 ## $cCaticonografia9$d20260316 995 ## $aPRR2026
|
|
|